Acknowledged and unacknowledged institutionalist antecedents of régulation theory /
El presente artículo tiene como objetivo comprender mejor algunos aspectos de la Regulation Theory Francesa por medio de un debate y recuento de otras teorías que la pueden preceder, por lo tanto, se toman en cuenta teorías como la alemana y el Institucionalismo Americano para obtener puntos de refe...
Saved in:
| Main Author: | |
|---|---|
| Format: | Text |
| Language: | Spanish |
| Subjects: | |
| Tags: |
Add Tag
No Tags, Be the first to tag this record!
|
MARC
| LEADER | 00000 a a2200000 04500 | ||
|---|---|---|---|
| 001 | 43948 | ||
| 003 | cru IIS | ||
| 005 | 20220616102626.0 | ||
| 008 | 220616b |||||||| |||| 00| 0 spa d | ||
| 040 | |c CRAI | ||
| 100 | |a Baslé, Maurice | ||
| 245 | |a Acknowledged and unacknowledged institutionalist antecedents of régulation theory / |c Maurice Baslé | ||
| 520 | |a El presente artículo tiene como objetivo comprender mejor algunos aspectos de la Regulation Theory Francesa por medio de un debate y recuento de otras teorías que la pueden preceder, por lo tanto, se toman en cuenta teorías como la alemana y el Institucionalismo Americano para obtener puntos de referencia en su origen. Así se realiza, por medio del debate, una construcción racional del presente sobre la posible herencia o rastreo de posible relación de la teoría francesa con otras teorías anteriores, se dejan de lado algunas teorías que se encontraban en el camino, pero que por errores de contenido o el poco aporte al debate han quedado relegadas a no ser mencionadas. Por otro lado, muchas de las teorías mencionadas ofrecen buenos instrumentos o validez para el análisis económico, sobre todo para futuros economistas que buscan familiarizarse con el tema. FGO 16/06/2022 | ||
| 650 | 0 | |2 TESAURO OCDE |9 4723 |a ECONOMIA POLITICA | |
| 650 | 0 | |2 TESAURO OCDE |9 4061 |a PENSAMIENTO ECONOMICO | |
| 650 | 0 | |2 TESAURO OCDE |9 1649 |a TEORIA ECONOMICA | |
| 650 | 0 | |2 TESAURO OCDE |9 7446 |a ECONOMISTAS | |
| 650 | 0 | |2 TESAURO OCDE |9 143 |a ECONOMIA | |
| 773 | |g páginas 21-27 | ||
| 942 | |2 ddc |c LI | ||
| 999 | |c 28934 |d 28934 | ||
